[Event "BI-2014-P-0024"]
[Site "LSS email"]
[Date "2014.04.19"]
[Round "?"]
[White "Korinek, Jaroslav"]
[Black "Tittarelli, Adriano"]
[Result "1-0"]
[WhiteElo "1815"]
[BlackElo "1039"]
[PlyCount "67"]
[EventDate "2014.04.25"]
[EventType "tourn (corr)"]
[EventRounds "10"]
[EventCountry "GER"]
[SourceTitle "Corr 2015"]
[Source "ChessBase"]
[SourceDate "2015.07.17"]
[SourceVersion "1"]
[SourceVersionDate "2015.07.17"]
[SourceQuality "1"]

1. e4 g6 2. d4 Bg7 3. Nf3 d6 4. Nc3 Bg4 5. Be2 e6 6. 0-0 Ne7 7. h3 Bxf3 8. Bxf3 c6 9. Bg5 Qc7 10. a4 d5 11. Bxe7 Qxe7 12. exd5 0-0 13. dxe6 Qxe6 14. Ne4 Nd7 15. Re1 Nb6 16. c3 Nd5 17. Nc5 Qc8 18. Qb3 b6 19. Nd3 Qc7 20. Bxd5 cxd5 21. Qxd5 Rad8 22. Qb5 Rd6 23. a5 Rb8 24. Ra4 h5 25. Re8+ Rxe8 26. Qxe8+ Bf8 27. axb6 Qxb6 28. Ne5 Rf6 29. Nd7 Qd6 30. Nxf6+ Qxf6 31. Rxa7 Kg7 32. Ra8 Qd6 33. b4 Qe7 34. b5 1-0

[Event "BI-2013-F-0023"]
[Site "LSS email"]
[Date "2014.02.21"]
[Round "?"]
[White "Tittarelli, Adriano"]
[Black "Verich, Oleg"]
[Result "1-0"]
[WhiteElo "1045"]
[BlackElo "1027"]
[PlyCount "98"]
[EventDate "2014.02.27"]
[EventType "tourn (corr)"]
[EventRounds "10"]
[EventCountry "GER"]
[SourceTitle "Corr 2015"]
[Source "ChessBase"]
[SourceDate "2015.07.17"]
[SourceVersion "1"]
[SourceVersionDate "2015.07.17"]
[SourceQuality "1"]

1. d4 Nf6 2. Bf4 e6 3. e3 Be7 4. Bd3 0-0 5. h3 b6 6. Nd2 Bb7 7. Ngf3 c5 8. c3 d6 9. 0-0 Na6 10. Qe2 Nc7 11. Rac1 a6 12. Rfd1 Qc8 13. e4 b5 14. e5 dxe5 15. Bxe5 c4 16. Bb1 Nd7 17. Ne4 f5 18. Nd6 Bxd6 19. Bxd6 Rf6 20. Ne5 Ne8 21. Nxd7 Qxd7 22. Be5 Rg6 23. f3 Nf6 24. Bxf6 Rxf6 25. Re1 Bd5 26. Qe5 Rg6 27. Re3 Rf8 28. Rce1 Rgf6 29. Qh2 f4 30. Re5 Qd6 31. Be4 a5 32. Kf2 b4 33. h4 a4 34. Qh3 a3 35. bxa3 bxc3 36. Bc2 Qxa3 37. Qg4 Qb2 38. R1e2 Qxa2 39. Bxh7+ Kxh7 40. Rxa2 Rb8 41. Rc2 Rb2 42. Ree2 Rb3 43. Qh5+ Kg8 44. Re5 Kf8 45. Rxd5 exd5 46. Qxd5 Rb2 47. Qc5+ Kg8 48. Qxc4+ Kh7 49. Rxb2 cxb2 1-0

[Event "LSS No Engine Cup 105 Preliminary 5"]
[Site "LSS email"]
[Date "2014.02.16"]
[Round "?"]
[White "Goti, Javier"]
[Black "Tittarelli, Adriano"]
[Result "0-1"]
[WhiteElo "725"]
[BlackElo "1052"]
[PlyCount "48"]
[EventDate "2014.02.17"]
[EventType "tourn (corr)"]
[EventRounds "6"]
[EventCountry "GER"]
[SourceTitle "Telechess CBM 167"]
[Source "ChessBase"]
[SourceDate "2015.07.13"]
[SourceVersion "1"]
[SourceVersionDate "2015.07.13"]
[SourceQuality "1"]

1. e4 g6 2. d4 Bg7 3. Nf3 d6 4. Be2 Bg4 5. Nc3 c5 6. dxc5 Bxc3+ 7. bxc3 dxc5 8. Qxd8+ Kxd8 9. Ne5 Bxe2 10. Kxe2 Ke8 11. Rd1 Nf6 12. Bg5 Nxe4 13. Bh6 Nxc3+ 14. Kf1 Nxd1 15. Rxd1 f6 16. Nc4 Nc6 17. Re1 Kf7 18. h4 b5 19. Nd2 Ne5 20. f3 f5 21. Rxe5 Rhd8 22. Rxc5 Rac8 23. Rxb5 Rxc2 24. Nb3 Rd1# 0-1

[Event "LSS No Engine Cup 104 Preliminary 0"]
[Site "LSS email"]
[Date "2014.02.05"]
[Round "?"]
[White "Molina, Vicente Andres"]
[Black "Tittarelli, Adriano"]
[Result "0-1"]
[WhiteElo "1055"]
[BlackElo "1342"]
[PlyCount "40"]
[EventDate "2014.02.06"]
[EventType "tourn (corr)"]
[EventRounds "6"]
[EventCountry "GER"]
[SourceTitle "Corr 2022"]
[Source "ChessBase"]
[SourceDate "2021.10.24"]
[SourceVersion "1"]
[SourceVersionDate "2021.10.24"]
[SourceQuality "1"]

1. c4 g5 2. Nc3 Bg7 3. d4 c5 4. d5 h6 5. e4 d6 6. g3 Nd7 7. Bg2 Bxc3+ 8. bxc3 Ne5 9. Qe2 Qa5 10. Bd2 Qa4 11. Bf1 b6 12. f4 Bg4 13. Qg2 Nxc4 14. Bxc4 Qxc4 15. h3 Bd7 16. e5 0-0-0 17. Nf3 Qxd5 18. exd6 exd6 19. 0-0-0 Qxa2 20. fxg5 Bf5 0-1

[Event "LSS No Engine Cup 102 Preliminary 7"]
[Site "LSS email"]
[Date "2014.01.09"]
[Round "?"]
[White "Gajic, Sladjan"]
[Black "Tittarelli, Adriano"]
[Result "1-0"]
[WhiteElo "1305"]
[BlackElo "1047"]
[PlyCount "65"]
[EventDate "2014.01.10"]
[EventType "tourn (corr)"]
[EventRounds "6"]
[EventCountry "GER"]
[SourceTitle "Telechess CBM 167"]
[Source "ChessBase"]
[SourceDate "2015.07.13"]
[SourceVersion "1"]
[SourceVersionDate "2015.07.13"]
[SourceQuality "1"]

1. e4 g6 2. d4 Bg7 3. Nc3 c5 4. Nf3 cxd4 5. Nxd4 Nc6 6. Be3 d6 7. Be2 Bd7 8. 0-0 Nxd4 9. Bxd4 Bxd4 10. Qxd4 Nf6 11. e5 dxe5 12. Qxe5 Be6 13. Rad1 Qb8 14. Qb5+ Kf8 15. Rd4 Kg7 16. Rfd1 a6 17. Qc5 Re8 18. Qb6 Qc8 19. Bf3 Rb8 20. h3 Bf5 21. g4 Be6 22. a4 Nd7 23. Rxd7 Bxd7 24. Qd4+ f6 25. Qxd7 Qxd7 26. Rxd7 b5 27. Ra7 bxa4 28. Nxa4 Kf8 29. c3 g5 30. Rxa6 Red8 31. b4 Rd3 32. Kg2 Rb5 33. Be2 1-0

[Event "LSS No Engine Cup 102 Preliminary 7"]
[Site "LSS email"]
[Date "2014.01.09"]
[Round "?"]
[White "Tittarelli, Adriano"]
[Black "Lombardi, Donato"]
[Result "0-1"]
[WhiteElo "1047"]
[BlackElo "903"]
[PlyCount "130"]
[EventDate "2014.01.10"]
[EventType "tourn (corr)"]
[EventRounds "6"]
[EventCountry "GER"]
[SourceTitle "Telechess CBM 167"]
[Source "ChessBase"]
[SourceDate "2015.07.13"]
[SourceVersion "1"]
[SourceVersionDate "2015.07.13"]
[SourceQuality "1"]

1. d4 d5 2. Bf4 e6 3. Nf3 Bd6 4. e3 Bxf4 5. exf4 Qd6 6. Qd2 Nf6 7. Bd3 c5 8. c3 0-0 9. Ne5 cxd4 10. cxd4 Nc6 11. Nxc6 bxc6 12. g3 Bb7 13. Qc3 Rac8 14. Nd2 c5 15. Qa3 Rfd8 16. Nf3 c4 17. Qxd6 Rxd6 18. Bc2 Rb6 19. b3 cxb3 20. Bxb3 Ne4 21. 0-0 a5 22. Rfc1 Rbc6 23. Rxc6 Rxc6 24. Kg2 h6 25. h4 Ba6 26. Bd1 Bb5 27. Ne5 Rc8 28. a4 Be8 29. f3 Nd6 30. Rb1 Nc4 31. Nd3 Ne3+ 32. Kh3 Nxd1 33. Rxd1 Bxa4 34. Ra1 Bb5 35. Nc5 Ra8 36. Kg2 a4 37. Kf2 a3 38. Ke3 Bc4 39. Kd2 a2 40. Kc3 Rb8 41. Kc2 Rb4 42. g4 Kh7 43. h5 g6 44. hxg6+ fxg6 45. Nxe6 Rb6 46. Nc5 Rf6 47. Nd7 Rxf4 48. Ne5 Rxd4 49. Kc3 Rf4 50. Kd2 h5 51. Ke3 Rf8 52. Kd4 h4 53. Nxc4 dxc4 54. Rxa2 Rxf3 55. g5 c3 56. Ke4 Rg3 57. Rh2 Rxg5 58. Rxh4+ Kg7 59. Kd3 Rc5 60. Rh2 g5 61. Rc2 g4 62. Rg2 c2 63. Rxg4+ Kf6 64. Rf4+ Ke5 65. Re4+ Kf5 0-1

[Event "RF-2013-0-00174"]
[Site "LSS email"]
[Date "2014.01.06"]
[Round "?"]
[White "Slavin, Pablo"]
[Black "Tittarelli, Adriano"]
[Result "1-0"]
[WhiteElo "1087"]
[BlackElo "1052"]
[PlyCount "89"]
[EventDate "2013.11.06"]
[EventType "tourn (corr)"]
[EventRounds "6"]
[EventCountry "GER"]
[SourceTitle "Telechess CBM 167"]
[Source "ChessBase"]
[SourceDate "2015.07.13"]
[SourceVersion "1"]
[SourceVersionDate "2015.07.13"]
[SourceQuality "1"]

1. e4 g6 2. d4 Bg7 3. Nc3 d6 4. Be3 c5 5. Nf3 Bg4 6. Bb5+ Nd7 7. dxc5 Bxc3+ 8. bxc3 Bxf3 9. Qxf3 Qa5 10. Bxd7+ Kxd7 11. 0-0 Nf6 12. cxd6 exd6 13. Qxf6 Rhe8 14. Rfd1 Qe5 15. Qxe5 Rxe5 16. f3 f5 17. Bf4 Re6 18. exf5 gxf5 19. Rd5 Rae8 20. Rxf5 Kc6 21. Bg3 Re2 22. Rd1 R8e6 23. Rfd5 Rxc2 24. Rxd6+ Rxd6 25. Rxd6+ Kc5 26. Rd7 Rxa2 27. Rxb7 a5 28. Rxh7 a4 29. h4 Re2 30. Ra7 Kb5 31. h5 Re6 32. Bf4 Rf6 33. h6 Rxf4 34. h7 Rh4 35. Kf2 Kb6 36. Ra8 Rxh7 37. Rxa4 Rc7 38. Rb4+ Kc5 39. Re4 Rf7 40. g4 Kd5 41. Kg3 Rf8 42. g5 Rg8 43. c4+ Kc5 44. Kg4 Kd6 45. f4 1-0

[Event "RF-2013-0-00173"]
[Site "LSS email"]
[Date "2013.12.24"]
[Round "?"]
[White "Tittarelli, Adriano"]
[Black "Kratky, Josef"]
[Result "0-1"]
[WhiteElo "1047"]
[BlackElo "1177"]
[PlyCount "80"]
[EventDate "2013.10.22"]
[EventType "tourn (corr)"]
[EventRounds "6"]
[EventCountry "GER"]
[SourceTitle "Telechess CBM 167"]
[Source "ChessBase"]
[SourceDate "2015.07.13"]
[SourceVersion "1"]
[SourceVersionDate "2015.07.13"]
[SourceQuality "1"]

1. d4 d6 2. Bf4 f5 3. h4 Nf6 4. e3 g6 5. h5 Bg7 6. hxg6 hxg6 7. Rxh8+ Bxh8 8. Nd2 Nbd7 9. Bd3 e5 10. dxe5 dxe5 11. Bg5 Qe7 12. Qe2 Nc5 13. Nb3 Be6 14. Nxc5 Qxc5 15. Bxf6 Bxf6 16. c3 0-0-0 17. Qc2 e4 18. Be2 g5 19. Rc1 g4 20. g3 Qb6 21. Bd1 Bxa2 22. b3 Rxd1+ 23. Qxd1 Bxb3 24. Qd2 Bc4 25. Ne2 c5 26. Rd1 Bd3 27. Nc1 c4 28. Ne2 Qb3 29. Nd4 Bxd4 30. exd4 b5 31. f4 gxf3 32. Kf2 Qc2 33. Ke3 Qxd2+ 34. Rxd2 a5 35. Rb2 b4 36. cxb4 c3 37. Ra2 axb4 38. Ra5 b3 39. Rc5+ Kd7 40. Rxc3 b2 0-1

[Event "RF-2013-0-00172"]
[Site "LSS email"]
[Date "2013.12.18"]
[Round "?"]
[White "Tittarelli, Adriano"]
[Black "Verich, Oleg"]
[Result "1/2-1/2"]
[WhiteElo "1226"]
[BlackElo "1172"]
[PlyCount "112"]
[EventDate "2013.10.10"]
[EventType "tourn (corr)"]
[EventRounds "6"]
[EventCountry "GER"]
[SourceTitle "Corr 2022"]
[Source "ChessBase"]
[SourceDate "2021.10.24"]
[SourceVersion "1"]
[SourceVersionDate "2021.10.24"]
[SourceQuality "1"]

1. d4 Nf6 2. Bf4 e6 3. e3 Be7 4. Nf3 0-0 5. Nbd2 d5 6. c3 c5 7. Bd3 Nc6 8. Ne5 Nd7 9. h4 f6 10. Qh5 f5 11. Ndf3 Nf6 12. Qg5 Ne4 13. Qh5 Qe8 14. Qxe8 Rxe8 15. Nxc6 bxc6 16. Ne5 Bb7 17. f3 Nf6 18. Bc2 c4 19. g4 fxg4 20. fxg4 c5 21. Ba4 Rec8 22. g5 Nh5 23. Bd7 Nxf4 24. exf4 Rc7 25. Bxe6+ Kf8 26. 0-0-0 cxd4 27. Rxd4 Rd8 28. Rf1 Bc8 29. Bxc8 Rcxc8 30. f5 Bc5 31. Rdf4 Be3+ 32. Kc2 Bxf4 33. Rxf4 Rd6 34. Nf3 Re8 35. Nd4 Re4 36. Rxe4 dxe4 37. Kd2 Ra6 38. a3 Rb6 39. Kc2 e3 40. Ne2 Rb5 41. Nd4 Re5 42. Kd1 Re4 43. h5 Rh4 44. Ne6+ Kf7 45. Ke2 Rh2+ 46. Kxe3 Rxb2 47. g6+ hxg6 48. hxg6+ Kf6 49. Nd4 Ra2 50. Nb5 a6 51. Nd6 Rxa3 52. Kd4 Ra4 53. Ne8+ Kxf5 54. Nxg7+ Kxg6 55. Ne6 Kf5 56. Nc5 Ra5 1/2-1/2

[Event "LSS No Engine Cup 100 Preliminary 3"]
[Site "LSS email"]
[Date "2013.12.13"]
[Round "?"]
[White "Tittarelli, Adriano"]
[Black "Schubert, Steffen"]
[Result "0-1"]
[WhiteElo "1052"]
[BlackElo "1967"]
[PlyCount "64"]
[EventDate "2013.12.14"]
[EventType "tourn (corr)"]
[EventRounds "6"]
[EventCountry "GER"]
[SourceTitle "Telechess CBM 167"]
[Source "ChessBase"]
[SourceDate "2015.07.13"]
[SourceVersion "1"]
[SourceVersionDate "2015.07.13"]
[SourceQuality "1"]

1. d4 Nf6 2. Bf4 d5 3. e3 c5 4. c3 Nc6 5. Nd2 cxd4 6. exd4 Bf5 7. Ngf3 a6 8. Be2 e6 9. h3 Bd6 10. Ne5 Qc7 11. Ndf3 Ne4 12. g4 Bg6 13. h4 Nf6 14. Rg1 Be4 15. g5 Nd7 16. Nxd7 Bxf4 17. Nc5 Bg6 18. Nd3 Bd6 19. Qa4 b5 20. Qd1 0-0 21. Qd2 b4 22. Nc5 bxc3 23. bxc3 e5 24. Nxa6 Qc8 25. Nc5 e4 26. h5 exf3 27. Bd3 Bxd3 28. Nxd3 Re8+ 29. Kd1 Re2 30. Qc1 Qa6 31. Qb1 Qa4+ 32. Qb3 Qxb3+ 0-1

[Event "RF-2013-0-00172"]
[Site "LSS email"]
[Date "2013.12.08"]
[Round "?"]
[White "Tittarelli, Adriano"]
[Black "Bester, Kazimierz"]
[Result "1-0"]
[WhiteElo "1226"]
[BlackElo "858"]
[PlyCount "37"]
[EventDate "2013.10.10"]
[EventType "tourn (corr)"]
[EventRounds "6"]
[EventCountry "GER"]
[SourceTitle "Corr 2022"]
[Source "ChessBase"]
[SourceDate "2021.10.24"]
[SourceVersion "1"]
[SourceVersionDate "2021.10.24"]
[SourceQuality "1"]

1. d4 d5 2. Bf4 Nc6 3. c3 Nf6 4. e3 Bg4 5. Be2 Bd7 6. Nf3 Ne4 7. Nbd2 e6 8. h3 g5 9. Bh2 h5 10. Nxe4 dxe4 11. Nd2 f5 12. Bxh5+ Ke7 13. Nb3 g4 14. hxg4 fxg4 15. Qxg4 Bh6 16. Qh4+ Kf8 17. Qxe4 Rb8 18. Qf3+ Kg8 19. Qf7# 1-0

[Event "LSS No Engine Cup 99 Preliminary 3"]
[Site "LSS email"]
[Date "2013.12.03"]
[Round "?"]
[White "Rodriguez, Juan Antonio"]
[Black "Tittarelli, Adriano"]
[Result "0-1"]
[WhiteElo "1119"]
[BlackElo "1052"]
[PlyCount "80"]
[EventDate "2013.12.04"]
[EventType "tourn (corr)"]
[EventRounds "6"]
[EventCountry "GER"]
[SourceTitle "Telechess CBM 167"]
[Source "ChessBase"]
[SourceDate "2015.07.13"]
[SourceVersion "1"]
[SourceVersionDate "2015.07.13"]
[SourceQuality "1"]

1. d4 d5 2. c4 e6 3. Nc3 Nf6 4. cxd5 exd5 5. Bg5 Be7 6. e3 Bf5 7. Nf3 c6 8. Bd3 Bxd3 9. Qxd3 Nbd7 10. 0-0 0-0 11. h3 h6 12. Bh4 Re8 13. Rac1 Qb6 14. Qc2 Nf8 15. Na4 Qc7 16. Nc5 Ng6 17. Bg3 Qc8 18. a4 a6 19. Nb3 Ne4 20. Bh2 Qd7 21. Nfd2 Bd6 22. Bxd6 Qxd6 23. Nxe4 Rxe4 24. Nc5 Re7 25. Rb1 Rae8 26. b4 Qf6 27. b5 Qg5 28. bxa6 bxa6 29. Nxa6 Nh4 30. g3 Nf3+ 31. Kh1 Re4 32. Qe2 Nxd4 33. Qd3 Nf3 34. Qe2 Qf5 35. Kg2 Ng5 36. g4 Qc8 37. Nc5 Rc4 38. Rfc1 Rxc1 39. Rxc1 Ne4 40. Qc2 f5 0-1

[Event "LSS No Engine Cup 99 Preliminary 3"]
[Site "LSS email"]
[Date "2013.12.03"]
[Round "?"]
[White "Tittarelli, Adriano"]
[Black "Molina, Vicente Andres"]
[Result "1-0"]
[WhiteElo "1052"]
[BlackElo "778"]
[PlyCount "107"]
[EventDate "2013.12.04"]
[EventType "tourn (corr)"]
[EventRounds "6"]
[EventCountry "GER"]
[SourceTitle "Telechess CBM 167"]
[Source "ChessBase"]
[SourceDate "2015.07.13"]
[SourceVersion "1"]
[SourceVersionDate "2015.07.13"]
[SourceQuality "1"]

1. d4 d5 2. Bf4 Nf6 3. e3 g6 4. Nd2 Bg7 5. c3 c6 6. Ngf3 Nbd7 7. Be2 0-0 8. h3 Re8 9. 0-0 Nh5 10. Bh2 e5 11. Nxe5 Nhf6 12. Nb3 Nxe5 13. Bxe5 Be6 14. Nc5 Qb6 15. Qc1 Nd7 16. Bxg7 Kxg7 17. Nxe6+ fxe6 18. f4 c5 19. Bf3 Nf6 20. Kh1 Rac8 21. dxc5 Qxc5 22. Qd2 Ne4 23. Bxe4 dxe4 24. Qd4+ Qxd4 25. exd4 b5 26. Rfe1 b4 27. cxb4 Rc4 28. Rxe4 Rxb4 29. b3 Kf6 30. g4 h6 31. Rae1 g5 32. f5 a5 33. fxe6 a4 34. d5 Rxe4 35. Rxe4 axb3 36. axb3 Ke7 37. Kg2 Rd8 38. Rd4 Rb8 39. b4 Kd6 40. Kf3 Rf8+ 41. Ke3 Rf1 42. Kd3 Rf3+ 43. Kc4 Rxh3 44. b5 Rh1 45. Kb4 Rb1+ 46. Ka5 Ra1+ 47. Kb6 Re1 48. Kb7 Kc5 49. Rd2 Kd6 50. b6 Rb1 51. Re2 Ke7 52. d6+ Ke8 53. Ra2 Kf8 54. Ra8+ 1-0

[Event "LSS No Engine Cup 99 Preliminary 3"]
[Site "LSS email"]
[Date "2013.12.03"]
[Round "?"]
[White "Tittarelli, Adriano"]
[Black "Schubert, Steffen"]
[Result "0-1"]
[WhiteElo "1052"]
[BlackElo "1967"]
[PlyCount "56"]
[EventDate "2013.12.04"]
[EventType "tourn (corr)"]
[EventRounds "6"]
[EventCountry "GER"]
[SourceTitle "Telechess CBM 167"]
[Source "ChessBase"]
[SourceDate "2015.07.13"]
[SourceVersion "1"]
[SourceVersionDate "2015.07.13"]
[SourceQuality "1"]

1. d4 Nf6 2. Bf4 e6 3. e3 d5 4. Nf3 Be7 5. Nbd2 Nh5 6. Bd3 Nxf4 7. exf4 c5 8. c3 Qb6 9. Qc1 cxd4 10. Nxd4 Nc6 11. N2f3 h6 12. 0-0 Qc7 13. g3 g5 14. f5 0-0 15. Re1 Bf6 16. Nxc6 bxc6 17. fxe6 fxe6 18. h4 g4 19. Nd4 e5 20. Nf5 e4 21. Nxh6+ Kh7 22. Be2 Qg7 23. Qf4 Bxc3 24. Qc1 Bxe1 25. Qxe1 Qxh6 26. Qc3 Qf6 27. Qc5 Rb8 28. Rc1 Rxb2 0-1

[Event "RN-2013-0-00731"]
[Site "LSS email"]
[Date "2013.11.26"]
[Round "?"]
[White "Tittarelli, Adriano"]
[Black "Cherry, Brian"]
[Result "1-0"]
[WhiteElo "1047"]
[BlackElo "671"]
[PlyCount "57"]
[EventDate "2013.11.16"]
[EventType "tourn (corr)"]
[EventRounds "6"]
[EventCountry "GER"]
[SourceTitle "Telechess CBM 167"]
[Source "ChessBase"]
[SourceDate "2015.07.13"]
[SourceVersion "1"]
[SourceVersionDate "2015.07.13"]
[SourceQuality "1"]

1. d4 d5 2. Bf4 Nc6 3. e3 Nf6 4. Nd2 Ne4 5. Bd3 Bf5 6. Nxe4 dxe4 7. Bb5 Qd7 8. Ne2 e6 9. h4 h5 10. a3 Bd6 11. c4 0-0-0 12. d5 Bxf4 13. Nxf4 a6 14. Ba4 Qd6 15. dxc6 bxc6 16. 0-0 Rd7 17. Qxd6 Rxd6 18. Rad1 f6 19. Rxd6 cxd6 20. Bxc6 g5 21. hxg5 fxg5 22. Ne2 h4 23. Nc3 g4 24. Bxe4 Rg8 25. Bxf5 exf5 26. Rd1 Rg6 27. Nd5 Kd7 28. Nf4 Rg8 29. c5 1-0

[Event "RN-2013-0-00730"]
[Site "LSS email"]
[Date "2013.11.22"]
[Round "?"]
[White "Kramskoi, Vasyl"]
[Black "Tittarelli, Adriano"]
[Result "0-1"]
[WhiteElo "998"]
[BlackElo "1042"]
[PlyCount "76"]
[EventDate "2013.11.13"]
[EventType "tourn (corr)"]
[EventRounds "6"]
[EventCountry "GER"]
[SourceTitle "Telechess CBM 167"]
[Source "ChessBase"]
[SourceDate "2015.07.13"]
[SourceVersion "1"]
[SourceVersionDate "2015.07.13"]
[SourceQuality "1"]

1. d4 d5 2. c4 e6 3. Nf3 Bb4+ 4. Bd2 Bxd2+ 5. Qxd2 Nf6 6. cxd5 exd5 7. Nc3 c6 8. e3 0-0 9. Bd3 Re8 10. h3 Be6 11. 0-0 Nbd7 12. e4 dxe4 13. Nxe4 Nxe4 14. Bxe4 Nf6 15. Rfe1 Bd5 16. Bxd5 Qxd5 17. Rxe8+ Rxe8 18. b3 h6 19. Re1 Rxe1+ 20. Qxe1 Qe4 21. Qxe4 Nxe4 22. a4 Kf8 23. Kf1 Ke7 24. Ne5 Nd2+ 25. Ke2 Nxb3 26. Ke3 c5 27. dxc5 Nxc5 28. a5 Nb3 29. Nc4 Ke6 30. Kd3 Kd5 31. Kc3 Nc5 32. f3 Ne6 33. Ne3+ Kc6 34. Kb4 Nf4 35. h4 Nd5+ 36. Nxd5 Kxd5 37. f4 h5 38. g3 f5 0-1